Sustainable design for the built environment
Gardado en:
| Autor Principal: | |
|---|---|
| Formato: | Libro |
| Idioma: | inglés |
| Publicado: |
Routledge
2019
|
| Tags: |
Engadir etiqueta
Sen Etiquetas, Sexa o primeiro en etiquetar este rexistro!
|
MARC
| LEADER | 00000nam a22000007a 4500 | ||
|---|---|---|---|
| 008 | 230213b |||||||| |||| 00| 0 eng d | ||
| 020 | |a 9781138066182 | ||
| 100 | |a FLEMING, Rob |a Roberts, Saglinda H. | ||
| 245 | |a Sustainable design for the built environment |c Rob Fleming, Saglinda, H.Roberts |g xvii, 341p;ill | ||
| 260 | |b Routledge |c 2019 |h London |i 699824 |i 699825 |l NA254.36.F63 |m Sustainable architecture | ||
| 500 | |a it includes references and index | ||
| 942 | |a lcc |c BK |e Johnson |f 13/02/23 | ||
| 952 | |0 0 |1 0 |2 lcc |4 0 |6 NA025436 F63 |7 0 |9 4199 |a EDM |b HOL |c LP |d 2023-02-13 |l 0 |o NA254.36.F63 |p 2023-0129 |r 2023-02-13 00:00:00 |t 699824 |w 2023-02-13 |y BK | ||
| 952 | |0 0 |1 0 |2 lcc |4 0 |6 NA025436 F63 |7 0 |9 4200 |a HOL |b HOL |c LP |d 2023-02-13 |l 0 |o NA254.36.F63 |p 2023-0130 |r 2023-02-13 00:00:00 |t 699825 |w 2023-02-13 |y BK | ||
| 999 | |c 2104 |d 2104 | ||